000 00715nam a2200205Ia 4500
003 GCL
008 140319s9999 xx 000 0 ara d
040 _aGCL /
_cGCL
082 0 4 _a330.121
_bى ن
100 1 _aيوسف عبدالله الزامل
245 1 0 _aالنظرية الاقتصاديةالاسلامية: اتجاه تحليلى /
_cيوسف عبدالله الزامل
700 1 _aبوعلام بن جيلالى
300 _a248 ص
490 _aالهيئة العامة للاستعلامات
_v0
650 0 4 _aالاقتصاد
650 0 4 _aالاقتصاد الاسلامى
650 0 4 _aالاسلام والاقتصاد
650 0 4 _aالبنوك الاسلامية
942 _2ddc
_cBK
999 _c47740
_d47740